000 00581nam a2200229 a 4500
999 _c1814
_d1814
001 1814
003 BD-JhCC
005 20171024193912.0
008 171024s1998 nyua|||| ||a| 000 0 eng d
020 _a059010845x
035 _a(BD-JhCC) 1814
040 _aBD-JhCC
_dBD-JhCC
041 _aeng
082 _a823.92
_bJON 1998
100 _aJones, Marcia Thornton
245 _aHowling at the Hauntlys /
_b
_c Marcia Thornton Jones
260 _aNewyork :
_bLittle Apple ,
_c1998
300 _a73 p .:
_c22 cm .
650 _aHunted House
942 _2ddc
_cBK